200 Biggest Cities with more Exceptions - Statistics

General Stats
  • This quiz has been taken 48 times
    3 since last reset
  • The average score is 159 of 200
Answer Stats
Population City % Correct
1.8M Abu Dhabi
100%
6.8M Accra
100%
4.8M Addis Ababa
100%
6.2M Alexandria
100%
4.3M Algiers
100%
2.7M Almaty
100%
6.1M Amman
100%
5.2M Ankara
100%
3.1M Antananarivo
100%
1.6M Astana
100%
2.3M Asuncion
100%
3.5M Athens
100%
5.7M Bamako
100%
21.8M Bangkok
100%
4.8M Barcelona
100%
1.7M Basra
100%
1.9M Beirut
100%
3.9M Birmingham
100%
10.6M Bogota
100%
3.4M Brisbane
100%
16.8M Buenos Aires
100%
2.2M Bursa
100%
3.9M Busan
100%
22.8M Cairo
100%
2.9M Cali
100%
5.1M Cape Town
100%
3.8M Caracas
100%
4.4M Casablanca
100%
5M Chittagong
100%
4.9M Colombo
100%
4.2M Dakar
100%
3.9M Damascus
100%
2.9M Dammam
100%
6.6M Dar es Salaam
100%
23.1M Dhaka
100%
2.6M Doha
100%
6M Dubai
100%
3.9M Durban
100%
1.7M Glasgow
100%
5.9M Guadalajara
100%
3.3M Guayaquil
100%
7.3M Hanoi
100%
2.1M Havana
100%
14.3M Ho Chi Minh
100%
16M Istanbul
100%
3M Izmir
100%
3.9M Jeddah
100%
14.8M Johannesburg
100%
5.2M Kabul
100%
4.3M Kampala
100%
21M Karachi
100%
3.1M Kathmandu
100%
7.2M Khartoum
100%
1.9M Kigali
100%
9.5M Kuala Lumpur
100%
5M Kuwait City
100%
3.4M Kyiv
100%
14.6M Lahore
100%
1.8M La Paz
100%
12M Lima
100%
2.5M Lisbon
100%
15.1M London
100%
9.6M Luanda
100%
6.7M Madrid
100%
6.1M Manchester
100%
27.8M Manila
100%
3.4M Mashhad
100%
2.6M Mecca
100%
4.3M Medellín
100%
5.2M Melbourne
100%
25.4M Mexico City
100%
6.1M Milan
100%
2.1M Minsk
100%
2.2M Mogadishu
100%
1.9M Monrovia
100%
6.1M Monterrey
100%
1.8M Montevideo
100%
4.5M Montreal
100%
18.8M Moscow
100%
1.5M Mosul
100%
4M Naples
100%
1.8M Novosibirsk
100%
11.5M Paris
100%
2.3M Perth
100%
2.9M Phnom Penh
100%
3M Port-au-Prince
100%
1.5M Porto
100%
3M Pyongyang
100%
2.8M Quito
100%
5.6M Rawalpindi
100%
7.7M Riyadh
100%
3.4M Rome
100%
6.3M Saint Petersburg
100%
3.2M Sanaa
100%
8.4M Santiago
100%
3.9M Santo Domingo
100%
25.2M Seoul
100%
8M Singapore
100%
10.1M Taipei
100%
3.8M Tashkent
100%
16.8M Tehran
100%
7.8M Toronto
100%
1.8M Tripoli
100%
1.94M | 2.1M Valencia
100%
3.1M Vancouver
100%
3.9M Yaounde
100%
1.8M Yekaterinburg
100%
7M Abidjan
67%
1.7M Adana
67%
1.5M Ahvaz
67%
1.9M Aleppo
67%
2.5M Amsterdam
67%
1.7M Angeles
67%
7.8M Baghdad
67%
3.7M Baku
67%
1.6M Bangui
67%
2.3M Barranquilla
67%
4.7M Berlin
67%
2.4M Brazzaville
67%
2.8M Brussels
67%
2.2M Bucharest
67%
2.8M Cebu
67%
2.9M Conakry
67%
1.8M Copenhagen
67%
1.8M Cordoba
67%
2.1M Cotonou
67%
2.7M Daegu
67%
1.7M Davao
67%
3.9M Douala
67%
1.5M Dublin
67%
3.4M Esfahan
67%
4.1M Faisalabad
67%
1.7M Gaziantep
67%
2M George Town
67%
3.3M Guatemala City
67%
1.6M Gwangju
67%
1.5M Helsinki
67%
2.4M Hyderabad
67%
2.7M Kaohsiung
67%
1.5M Kazan
67%
1.5M Kharkiv
67%
16.3M Kinshasa
67%
2.9M Kumasi
67%
2.1M Leeds
67%
2.3M Leon
67%
2.6M Lome
67%
2M Lyon
67%
1.5M Manama
67%
2.5M Maputo
67%
2.8M Maracaibo
67%
1.7M Marseille
67%
2.4M Multan
67%
1.6M Muscat
67%
6.9M Nairobi
67%
1.9M Ndjamena
67%
1.6M Nizhny Novgorod
67%
1.6M Oran
67%
3.4M Ouagadougou
67%
2.1M Peshawar
67%
4.3M Puebla
67%
1.7M Quetta
67%
2.1M Rabat
67%
3.4M Rotterdam
67%
1.5M San Salvador
67%
1.9M Santa Cruz
67%
1.9M Shiraz
67%
2.3M Stockholm
67%
5.1M Sydney
67%
1.9M Tabriz
67%
3M Tel Aviv
67%
2.7M Tunis
67%
1.5M Turin
67%
2.3M Vienna
67%
2.4M Warsaw
67%
2.5M Budapest
33%
1.5M Chonburi
33%
3.2M Frankfurt
33%
2.2M Gaza
33%
3.4M Gujranwala
33%
2.9M Hamburg
33%
2.6M Harare
33%
1.6M Juarez
33%
2.8M Lubumbashi
33%
3M Lusaka
33%
1.6M Mandalay
33%
1.5M Mannheim
33%
2.5M Mbuji-Mayi
33%
2.3M Munich
33%
2.4M San Jose
33%
1.9M San Juan
33%
2.3M Stuttgart
33%
2.8M Taichung
33%
2.7M Toluca
33%
1.6M Ulaanbaatar
33%
2.1M Katowice
0%
1.7M Queretaro
0%
5.6M Rangoon
0%
10.9M Ruhr
0%
2.3M Tijuana
0%
No matching quizzes found
Score Distribution
Percent of People with Each Score
Percentile by Number Answered
Your Score History
You have not taken this quiz since the last reset